| Tag |
First Indicator |
Second Indicator |
Subfields |
| LEADER |
00000cam a2200000 a 4500 |
| 001 |
in00000016913 |
| 005 |
20151007053329.0 |
| 008 |
871201s1987 gw ad b 10110 eng d |
| 020 |
|
|
|a 3528089830
|
| 035 |
|
|
|a (OCoLC)17157969
|
| 035 |
|
|
|9 AAB1253AM
|
| 040 |
|
|
|a TXA
|c TXA
|d CIN
|d TXA
|d UtOrBLW
|
| 041 |
0 |
|
|a eng
|a ger
|
| 049 |
|
|
|a TXAM
|c [A12610038]
|
| 050 |
|
4 |
|a QH323.5
|b .E76 1986
|
| 111 |
2 |
|
|a Erwin-Riesch Arbeitstagung Systemanalyse Biologischer Prozesse
|n (2nd :
|d 1986 :
|c Münster am Stein-Ebernburg, Germany)
|
| 245 |
1 |
0 |
|a Erwin-Riesch Workshop System Analysis of Biological Processes :
|b Bad Münster am Stein-Ebernburg, 9-11 April 1986 : 2nd Ebernburger Working Conference /
|c Dietmar P.F. Möller (Ed.).
|
| 264 |
|
1 |
|a Braunschweig :
|b Vieweg,
|c 1987.
|
| 300 |
|
|
|a viii, 223 pages :
|b illustrations, charts ;
|c 23 cm.
|
| 336 |
|
|
|a text
|b txt
|2 rdacontent
|
| 337 |
|
|
|a unmediated
|b n
|2 rdamedia
|
| 338 |
|
|
|a volume
|b nc
|2 rdacarrier
|
| 490 |
1 |
|
|a Advances in system analysis ;
|v v. 2
|
| 500 |
|
|
|a Spine title: System Analysis of Biological Processes.
|
| 500 |
|
|
|a English and German.
|
| 504 |
|
|
|a Includes bibliographical references and index.
|
| 650 |
|
0 |
|a Biological systems
|x Mathematical models
|x Congresses.
|
| 650 |
|
0 |
|a System analysis
|v Congresses.
|
| 650 |
|
0 |
|a Computer simulation
|v Congresses.
|
| 700 |
1 |
|
|a Möller, Dietmar.
|
| 740 |
0 |
|
|a System Analysis of Biological Processes.
|
| 830 |
|
0 |
|a Advances in system analysis ;
|v v. 2.
|
| 999 |
|
|
|a MARS
|
| 999 |
f |
f |
|s 4ad4d51e-6d22-3d24-aa18-3b0d30b8ed4f
|i a73232e7-5aa6-307f-a6a8-04d08a2f9bad
|t 0
|
| 952 |
f |
f |
|p ric
|a Texas A&M University
|b Rellis Campus
|c Joint Library Facility
|d Remote Storage
|t 0
|e QH323.5 .E76 1986
|h Library of Congress classification
|i unmediated -- volume
|m A14812610038
|
| 998 |
f |
f |
|a QH323.5 .E76 1986
|t 0
|l Remote Storage
|